header

United States civil space policy (Record no. 38702)

MARC details
000 -LEADER
fixed length control field 01723nam a2200349 a 4500
245 00 - TITLE STATEMENT
Title United States civil space policy
260 ## - PUBLICATION, DISTRIBUTION, ETC. (IMPRINT)
Place of publication Washington, D.C. :
Name of publisher National Academy Press,
Year of publication 2008.
300 ## - PHYSICAL DESCRIPTION
Number of Pages xi, 30 p. :
Other physical details ill.
650 #0 - SUBJECT ADDED ENTRY--TOPICAL TERM
Topical Term Astronautics and state
Topical Term Private flying
700 1# - ADDED ENTRY--PERSONAL NAME
Personal name Macauley, Molly K.
Personal name Alexander, Joseph K.
856 40 - ELECTRONIC LOCATION AND ACCESS
Uniform Resource Identifier http://site.ebrary.com/lib/rucke/Doc?id=10235158

No items available.

© 2026 Rongo University
Contact us: librarian | system librarian | Rongo university